| 000 | 00954nac a22002777a 4500 | ||
|---|---|---|---|
| 001 | BR9001207 | ||
| 003 | BR-BrBNA | ||
| 005 | 20240105121042.0 | ||
| 008 | 230509b bl.|||m| |||| 00| 0 por d | ||
| 040 |
_aBR-BrBNA _bpor _cBiblioteca Nacional de Agricultura |
||
| 072 | _aF30 | ||
| 090 | _a0120 BR9001207 | ||
| 100 | 1 | _aCarvalho, H.W.L. de | |
| 110 | 1 |
_aCentro Nacional de Pesquisa de Coco, Aracaju, SE (Brasil) _91760 |
|
| 245 | 1 | _aComportamento de cultivares de milho no estado de Sergipe. 2- Ensaios de rendimento, 1986 e 1987 | |
| 260 | 3 |
_aAracaju, SE (Brasil): _c1988. |
|
| 300 | _a27 p. | ||
| 490 |
_aBoletim de Pesquisa - Centro Nacional de Pesquisa de Coco (Brazil) _vNo. 3 _xISSN 0103-0043 |
||
| 500 | _a9 tables; 6 ref.; Summaries (En, Pt) | ||
| 650 | _aMILHO | ||
| 650 | _aCOMPORTAMENTO DE VARIEDADE | ||
| 650 | _aPRODUTIVIDADE | ||
| 650 | _aSERGIPE | ||
| 909 |
_a202312 _bLúcia Elande _c55 _dLúcia Elande |
||
| 942 |
_2AGRIS _n0 _cMS |
||
| 999 |
_c283005 _d283005 |
||